| 000 | 00478 a2200157 4500 | ||
|---|---|---|---|
| 001 | 89148 | ||
| 003 | NUST | ||
| 082 | _a646.78 GRA | ||
| 100 |
_aGray, John _99780 |
||
| 245 |
_aMen are from Mars, Women are from Venus: _bthe definitive guide to relationships / _cJohn Gray |
||
| 260 |
_aNew York _bHarper Collins _c2012 |
||
| 300 | _axi, 307p. | ||
| 500 | _aGeneral Books | ||
| 650 |
_aexplores the fundamental psychological, communication _9134435 |
||
| 942 |
_cBK _k646.78 GRA _2ddc |
||
| 999 |
_c617434 _d617434 |
||